Catálogo

Manual de historia de España. (Registro nro. 46581)

Detalles MARC
000 -LEADER
fixed length control field 01066cam a2200301 i 4500
001 - CONTROL NUMBER
control field 46581
003 - CONTROL NUMBER IDENTIFIER
control field Mx-PuUPA
005 - DATE AND TIME OF LATEST TRANSACTION
control field 20220408103059.0
008 - FIXED-LENGTH DATA ELEMENTS--GENERAL INFORMATION
fixed length control field 140415s1963 sp a gre 000 0 spa d
017 ## - COPYRIGHT OR LEGAL DEPOSIT NUMBER
Copyright or legal deposit number M.2-1963
040 ## - CATALOGING SOURCE
Original cataloging agency Mx-PuUPA
Language of cataloging spa
Transcribing agency Mx-PuUPA
Modifying agency Mx-PuUPA
Description conventions rda
041 0# - LANGUAGE CODE
Language code of text/sound track or separate title spa
100 1# - MAIN ENTRY--PERSONAL NAME
Personal name Aguado Bleye, Pedro,
Dates associated with a name 1884-1953
Relator term autor
9 (RLIN) 12445
245 10 - TITLE STATEMENT
Title Manual de historia de España.
Number of part/section of a work Tomo I.
Name of part/section of a work Prehistoria edades antigua y media /
Statement of responsibility, etc. por Pedro Aguado Bleye ; prólogo y revisión por Cayetano Alcázar Molina
246 10 - VARYING FORM OF TITLE
Title proper/short title Prehistoria edades antigua y media
250 ## - EDITION STATEMENT
Edition statement Novena edición
264 #1 - PRODUCTION, PUBLICATION, DISTRIBUTION, MANUFACTURE, AND COPYRIGHT NOTICE
Place of production, publication, distribution, manufacture Madrid :
Name of producer, publisher, distributor, manufacturer Espasa-Calpe,
Date of production, publication, distribution, manufacture, or copyright notice 1963
300 ## - PHYSICAL DESCRIPTION
Extent 1071 páginas :
Other physical details ilustraciones ;
Dimensions 25 cm
336 ## - CONTENT TYPE
Fuente rdacontent
Content type term texto
Content type code txt
336 ## - CONTENT TYPE
Fuente rdacontent
Content type term imagen fija
Content type code sti
337 ## - MEDIA TYPE
Source rdamedia
Media type term sin medio
Media type code n
338 ## - CARRIER TYPE
Source rdacarrier
Carrier type term volumen
Carrier type code nc
650 #7 - SUBJECT ADDED ENTRY--TOPICAL TERM
Source of heading or term armarc
Topical term or geographic name entry element España
General subdivision Historia
700 1# - ADDED ENTRY--PERSONAL NAME
Personal name Alcázar Molina, Cayetano,
Relator term prologuista
942 ## - ADDED ENTRY ELEMENTS (KOHA)
Source of classification or shelving scheme Dewey Decimal Classification
Koha item type Libro
Classification part 946
Item part A282
Existencias
Withdrawn status Lost status Source of classification or shelving scheme Damaged status Not for loan Collection code Home library Current library Shelving location Date acquired Source of acquisition Serial Enumeration / chronology Total Checkouts Full call number Barcode Date last seen Price effective from Koha item type
    Dewey Decimal Classification     Referencia Biblioteca Karol Wojtyla Biblioteca Karol Wojtyla Área de silencio 03/12/2013 Compra t.1   946 A282 1963 69846 05/01/2026 03/12/2013 Libro R